000 00690nam a22002177a 4500
999 _c158228
_d158228
005 20181022151702.0
010 _aB-710618
020 _a9780070619937
035 _aB-710618
037 _bTata Mc Graw Hill Education
082 _a000
100 _aSharma, Arun
245 _aHow to prepare for quantitative aptitude for the CAT /
_cby Arun Kumar
250 _a2nd ed.
260 _aNew Delhi
_bTata Mc Graw Hill
_c2008
270 _a7 West Patel Nagar
_bNew Delhi
_e110008
300 _axxi, 523p.
_bill.
_c28cm (pbk)
650 _aComplete Exam, CAT
942 _2ddc
_cEN
_h000
_mSHA